| 000 | 00703nam a2200229 i 4500 | ||
|---|---|---|---|
| 001 | 189196 | ||
| 003 | SpMaBN | ||
| 005 | 20250911062858.0 | ||
| 008 | 190424s2018 sp |||| | spa d | ||
| 020 | _a978-84-9895-906-2 | ||
| 080 | _a821.134.2(899)-14"19" | ||
| 100 | 1 |
_aVitale, Ida, _d1923- _9166869 |
|
| 245 | 1 | 0 |
_aCerca de cien _b: antología [poética] / _cIda Vitale. |
| 250 | _a2ª ed. | ||
| 260 |
_aMadrid : _bVisor Libros, _c2018. |
||
| 300 |
_a231 p. ; _c20 cm. |
||
| 490 | 1 |
_aColección Visor de poesía ; _v906 |
|
| 830 | 0 |
_aColección Visor de poesía _v906 _9177331 |
|
| 852 |
_aES-MaACL _jA-14534 _9196334 _bR.152588 _cDEPO1 _dOlim: N-7534 |
||
| 942 | _2udc | ||
| 999 |
_c189196 _d189196 |
||